[Event "XIII - WC Individual Men"]
[Site "Malente GER"]
[Date "2004.08.03"]
[Round "10.11"]
[White "Tikhonov A. (RUS)"]
[Black "Vujcic T. (CRO)"]
[Result "1-0"]
[WhiteElo "1910"]
[BlackElo "2128"]
[PlyCount "84"]
[EventDate "2004.??.??"]
[EventType "swiss"]
[EventRounds "11"]
[EventCountry "GER"]

1. e4 e5 2. Nf3 Nc6 3. Bb5 a6 4. Ba4 Nf6 5. d3 b5 6. Bb3 Be7 7. c3 d6 8. h3 O-O
9. O-O d5 10. Nbd2 dxe4 11. dxe4 Bc5 12. Re1 Qe7 13. Qe2 Be6 14. Nf1 Nd7 15.
Ne3 Bxe3 16. Bxe3 Bxb3 17. axb3 Nc5 18. Qc2 Rfd8 19. b4 Ne6 20. Red1 Rxd1+ 21.
Rxd1 Rd8 22. Ra1 Ra8 23. Qb3 Nf4 24. Bxf4 exf4 25. Qd5 Qe6 26. Qxb5 Qxe4 27.
Rxa6 Rxa6 28. Qxa6 h6 29. Qa8+ Kh7 30. Kh2 Qc4 31. Qe8 Qd5 32. Qe2 g5 33. b5
Nd8 34. Nd4 Ne6 35. Qc2+ Kg7 36. Nf5+ Kf6 37. Nxh6 Qxb5 38. Qh7 Qxb2 39. Qxf7+
Ke5 40. Qd7 Qb3 41. Ng4+ Ke4 42. f3+ Kf5 1-0

[Event "XIII - WC Individual Men"]
[Site "Malente GER"]
[Date "2004.08.03"]
[Round "10.11"]
[White "Smatoc M. (ROU)"]
[Black "Pushkarev G.P. (KAZ)"]
[Result "1-0"]
[WhiteElo "2090"]
[BlackElo "1805"]
[PlyCount "112"]
[EventDate "2004.??.??"]
[EventType "swiss"]
[EventRounds "11"]
[EventCountry "GER"]

1. c4 c5 2. g3 d6 3. Bg2 Nc6 4. Nc3 Nf6 5. d3 g6 6. e4 Bg7 7. Nge2 O-O 8. O-O
Ne8 9. h3 Nc7 10. f4 f5 11. Rb1 a6 12. a4 Rb8 13. Kh2 Bd7 14. b3 e6 15. Be3 b5
16. axb5 axb5 17. d4 cxd4 18. Nxd4 b4 19. Ncb5 Nxd4 20. Nxd4 e5 21. Nc2 Qe7 22.
Qd3 g5 23. Rbd1 Ne8 24. fxe5 f4 25. exd6 fxg3+ 26. Kh1 Rxf1+ 27. Qxf1 Nxd6 28.
Qd3 Bxh3 29. Qxd6 Bxg2+ 30. Kxg2 Qxe4+ 31. Kg1 Qe8 32. Qd5+ Kh8 33. Qxg5 h6 34.
Qh4 Qg6 35. Bd4 Rg8 36. Bxg7+ Rxg7 37. Qd8+ Rg8 38. Qd3 Qh5 39. Qd4+ Rg7 40.
Rd2 Qh3 41. Ne3 Qe6 42. Ng2 Kh7 43. Qe3 Qf6 44. Qe4+ Kh8 45. Qd4 Qf7 46. Nf4
Qf5 47. Re2 g2 48. Re8+ Kh7 49. Qd3 Qxd3 50. Nxd3 Rg3 51. Nc5 h5 52. Re2 Rg5
53. Ne4 Rf5 54. Kxg2 h4 55. Rf2 Re5 56. Rf4 Kg6 1-0

[Event "XIII - WC Individual Men"]
[Site "Malente GER"]
[Date "2004.08.03"]
[Round "10.11"]
[White "Gründer M. (GER)"]
[Black "Màtè B. (HUN)"]
[Result "1/2-1/2"]
[WhiteElo "1805"]
[BlackElo "2182"]
[PlyCount "39"]
[EventDate "2004.??.??"]
[EventType "swiss"]
[EventRounds "11"]
[EventCountry "GER"]

1. c4 c5 2. Nf3 Nc6 3. g3 g6 4. Bg2 Bg7 5. O-O e6 6. Nc3 Nge7 7. e3 O-O 8. d4
d6 9. dxc5 dxc5 10. Na4 b6 11. Qb3 Qc7 12. Rd1 Ba6 13. Bd2 Rad8 14. Bc3 Bxc3
15. Qxc3 Rd6 16. b3 Rfd8 17. Nb2 Rxd1+ 18. Rxd1 Rxd1+ 19. Nxd1 Qd6 20. Qd2
1/2-1/2

[Event "XIII - WC Individual Men"]
[Site "Malente GER"]
[Date "2004.08.03"]
[Round "10.11"]
[White "Schmid J. (CZE)"]
[Black "Stoklasa J. (CZE)"]
[Result "1/2-1/2"]
[WhiteElo "2083"]
[BlackElo "1805"]
[PlyCount "31"]
[EventDate "2004.??.??"]
[EventType "swiss"]
[EventRounds "11"]
[EventCountry "GER"]

1. e4 e5 2. Nf3 Nc6 3. Bb5 a6 4. Ba4 Nf6 5. O-O Be7 6. Re1 b5 7. Bb3 d6 8. c3
Na5 9. Bc2 c5 10. d3 O-O 11. h3 Qc7 12. Nbd2 Nd7 13. Nf1 Re8 14. Ng3 g6 15. Bh6
Nc6 16. Rc1 1/2-1/2

[Event "XIII - WC Individual Men"]
[Site "Malente GER"]
[Date "2004.08.03"]
[Round "10.11"]
[White "Patackas J.P. (LTU)"]
[Black "Peshev T. (BUL)"]
[Result "1/2-1/2"]
[WhiteElo "1830"]
[BlackElo "1840"]
[PlyCount "141"]
[EventDate "2004.??.??"]
[EventType "swiss"]
[EventRounds "11"]
[EventCountry "GER"]

1. e4 c5 2. Nf3 Nc6 3. d4 cxd4 4. Nxd4 d6 5. Nc3 Bd7 6. Bc4 a6 7. O-O g6 8. Be3
Bg7 9. f4 Nf6 10. Nxc6 bxc6 11. Qd3 Ng4 12. Bd4 Bxd4+ 13. Qxd4 O-O 14. h3 Nh6
15. f5 c5 16. Qe3 Kg7 17. g4 Ng8 18. Nd5 Bb5 19. Qc3+ f6 20. Bxb5 axb5 21. Nf4
Qb6 22. Ne6+ Kf7 23. Nxf8 Kxf8 24. Qf3 g5 25. e5 Rd8 26. e6 Kg7 27. Rad1 Qa6
28. a3 Rc8 29. Rf2 b4 30. axb4 cxb4 31. Qb3 Qb6 32. Rd3 h5 33. Kg2 hxg4 34.
hxg4 Nh6 35. Rg3 Qd4 36. Qf3 Rc7 37. c3 bxc3 38. bxc3 Qc4 39. Kh3 Qa6 40. Rb2
Qc4 41. Rb7 Rxb7 42. Qxb7 Qf1+ 43. Qg2 Qc4 44. Qf3 Qa6 45. Rg1 Qc8 46. Ra1 Ng8
47. Qd3 Qb7 48. Rb1 Qc6 49. Kg3 Qc7 50. Kg2 Qc6+ 51. Qf3 Qa4 52. Kg3 Qa7 53.
Rh1 Qa3 54. Rf1 Qa6 55. Qh1 Qe2 56. Qf3 Qc4 57. Rh1 Nh6 58. Rb1 Ng8 59. Rb7 Qa6
60. Kf2 Qa2+ 61. Ke3 Qa5 62. Kf2 Qa2+ 63. Kg3 Qd2 64. Rb1 Qc2 65. Rd1 Qb3 66.
Qd3 Qa4 67. c4 Qa5 68. Qe4 Qc3+ 69. Rd3 Qa1 70. Kg2 Qb2+ 71. Kg3 1/2-1/2

[Event "XIII - WC Individual Men"]
[Site "Malente GER"]
[Date "2004.08.03"]
[Round "10.11"]
[White "Simoes J.W. (POR)"]
[Black "Checiak K. (POL)"]
[Result "0-1"]
[WhiteElo "2048"]
[BlackElo "2117"]
[PlyCount "154"]
[EventDate "2004.??.??"]
[EventType "swiss"]
[EventRounds "11"]
[EventCountry "GER"]

1. e4 e5 2. Nf3 Nc6 3. Bb5 a6 4. Ba4 Nf6 5. O-O Be7 6. Re1 b5 7. Bb3 d6 8. h3
Na5 9. c3 Nxb3 10. Qxb3 O-O 11. d3 h6 12. Nbd2 Nh7 13. Nf1 Be6 14. Qd1 f5 15.
Ng3 f4 16. Nf1 Qe8 17. N1h2 h5 18. Kf1 g5 19. Ng1 Qg6 20. f3 Nf6 21. Ke2 g4 22.
Kd2 Rf7 23. Kc2 c5 24. Bd2 a5 25. a4 bxa4 26. Rxa4 Bd8 27. c4 Rb7 28. hxg4 hxg4
29. fxg4 Nxg4 30. Nxg4 Bxg4 31. Nf3 Rg7 32. Rh1 Bd7 33. Ra1 a4 34. Qe1 Qxg2 35.
Rf1 Qg3 36. Qxg3 fxg3 37. Rg1 g2 38. Rgb1 Bg4 39. Ng1 Rb7 40. Ra3 Bh4 41. Be1
Bxe1 42. Rxe1 Rf7 43. Raa1 Rf2+ 44. Kc3 Rb8 45. Rxa4 Rfxb2 46. Ra8 R2b3+ 47.
Kc2 Rxa8 48. Kxb3 Rf8 49. Kc3 Rf2 50. Re3 Rf1 51. Rg3 Rxg1 52. Rxg4+ Kf7 53.
Kb2 Ke6 54. Rg7 Kf6 55. Rg3 Ke7 56. Rg7+ Kd8 57. Ka2 Kc8 58. Kb2 Kb8 59. Ka2
Rd1 60. Rxg2 Rxd3 61. Re2 Rc3 62. Kb2 Rxc4 63. Kb3 Rd4 64. Kc3 Kc7 65. Re1 Kc6
66. Re2 Ra4 67. Re1 Rd4 68. Re2 Kd7 69. Re1 Ke6 70. Re2 Kf6 71. Re3 Kg5 72. Re2
Kf4 73. Re1 Kf3 74. Kc2 Rxe4 75. Rd1 Rc4+ 76. Kb3 Rd4 77. Rh1 e4 0-1

[Event "XIII - WC Individual Men"]
[Site "Malente GER"]
[Date "2004.08.03"]
[Round "10.11"]
[White "Gardarsson H. (ISL)"]
[Black "Carmichael I. (SCO)"]
[Result "1/2-1/2"]
[WhiteElo "1984"]
[BlackElo "1805"]
[PlyCount "96"]
[EventDate "2004.??.??"]
[EventType "swiss"]
[EventRounds "11"]
[EventCountry "GER"]

1. c4 Nf6 2. Nc3 g6 3. d4 Bg7 4. g3 d6 5. Bg2 c6 6. Qc2 O-O 7. e3 Qc7 8. Nf3
Re8 9. O-O a6 10. a4 Nh5 11. Bd2 f5 12. a5 Nf6 13. Na4 e5 14. dxe5 dxe5 15. Nb6
Ra7 16. Rfd1 e4 17. Nd4 Qf7 18. Bc3 Nbd7 19. Nb3 Nxb6 20. axb6 Ra8 21. Bf1 Be6
22. Bd4 Nd7 23. Bxg7 Kxg7 24. Nd4 c5 25. Nb3 Rac8 26. Rd6 Qe7 27. Rad1 Red8 28.
Qc3+ Kf7 29. Be2 Qf6 30. Qd2 Ke8 31. Na5 Rb8 32. b4 Qe7 33. Qc3 cxb4 34. Qxb4
Nf8 35. Rxd8+ Rxd8 36. Qxe7+ Kxe7 37. Rxd8 Kxd8 38. Nxb7+ Kc8 39. Nd6+ Kb8 40.
c5 Nd7 41. Bxa6 Nxc5 42. Bc4 Bxc4 43. Nxc4 Kb7 44. h4 Kc6 45. Ne5+ Kxb6 46. f3
Kc7 47. fxe4 Nxe4 48. Kg2 Kd6 1/2-1/2

[Event "XIII - WC Individual Men"]
[Site "Malente GER"]
[Date "2004.08.03"]
[Round "10.11"]
[White "Kluss E. (LAT)"]
[Black "Gardner P.K. (ENG)"]
[Result "0-1"]
[WhiteElo "1805"]
[BlackElo "1830"]
[PlyCount "78"]
[EventDate "2004.??.??"]
[EventType "swiss"]
[EventRounds "11"]
[EventCountry "GER"]

1. d4 Nf6 2. c4 c5 3. d5 b5 4. e3 bxc4 5. Bxc4 Qa5+ 6. Qd2 Qb6 7. Nc3 g6 8. Nf3
d6 9. O-O Bg7 10. Re1 O-O 11. Rb1 Ba6 12. Bxa6 Qxa6 13. b3 Nbd7 14. Bb2 Ng4 15.
Qe2 Qa5 16. Qb5 Bxc3 17. Qxd7 Bxe1 18. Qxg4 Bc3 19. Bxc3 Qxc3 20. Qh4 Rfe8 21.
Qh6 Qg7 22. Qg5 Rab8 23. h4 a5 24. g3 Rb4 25. e4 Rxe4 26. Kg2 Rb8 27. h5 h6 28.
Qd2 a4 29. hxg6 fxg6 30. Rh1 g5 31. Qc2 Reb4 32. Qf5 Qf6 33. Qd7 axb3 34. axb3
Rf8 35. Qe6+ Qxe6 36. dxe6 Rxb3 37. Nd2 Rb2 38. Rd1 d5 39. Kf1 c4 0-1

[Event "XIII - WC Individual Men"]
[Site "Malente GER"]
[Date "2004.08.03"]
[Round "10.11"]
[White "Bairamov A. (TKM)"]
[Black "Wagner P. (SUI)"]
[Result "1/2-1/2"]
[WhiteElo "1805"]
[BlackElo "1810"]
[PlyCount "135"]
[EventDate "2004.??.??"]
[EventType "swiss"]
[EventRounds "11"]
[EventCountry "GER"]

1. d4 Nf6 2. c4 e6 3. Nc3 Bb4 4. Qc2 d5 5. cxd5 exd5 6. Bg5 O-O 7. e3 c6 8. Bd3
h6 9. Bh4 Bg4 10. h3 Be6 11. Nf3 Nbd7 12. O-O Bxc3 13. Qxc3 Qb6 14. Rac1 Ne4
15. Qc2 f5 16. Ne1 Ndf6 17. Nf3 Rad8 18. Ne5 Rc8 19. f3 Nd6 20. Bg3 Qd8 21. Ng6
Rf7 22. Bxd6 Qxd6 23. Bxf5 Bxf5 24. Qxf5 Re8 25. Ne5 Rff8 26. Qd3 Rd8 27. Qb3
Qc7 28. a3 Rfe8 29. Qd3 Nd7 30. Ng4 Qd6 31. b4 Nb6 32. Ne5 Nd7 33. Ng4 a6 34.
Rcd1 Nb6 35. Ne5 Nd7 36. Ng4 Nb6 37. Rfe1 Nc4 38. Re2 b5 39. f4 Ra8 40. Ne5 a5
41. Nxc4 bxc4 42. Qc3 axb4 43. axb4 Ra4 44. Rb1 Rb8 45. Reb2 Rb5 46. Kf2 Qb8
47. g3 Qa8 48. Kf3 Ra3 49. Qc2 Qe8 50. Re1 Rd3 51. Kf2 Qe4 52. Qe2 c3 53. Rc2
Rxb4 54. Qf3 Rd2+ 55. Rxd2 cxd2 56. Rd1 Qd3 57. Qe2 Rb2 58. g4 Kf7 59. Kg3 Qc4
60. Qf3 Qd3 61. g5 hxg5 62. fxg5+ Kg8 63. Rf1 Rb1 64. Qf7+ Kh7 65. Qh5+ Kg8 66.
Qf7+ Kh7 67. Qh5+ Kg8 68. Qf7+ 1/2-1/2

[Event "XIII - WC Individual Men"]
[Site "Malente GER"]
[Date "2004.08.03"]
[Round "10.11"]
[White "Frajka P. (SVK) "]
[Black "Guy D. (WLS)"]
[Result "0-1"]
[WhiteElo "1805"]
[BlackElo "2010"]
[PlyCount "74"]
[EventDate "2004.??.??"]
[EventType "swiss"]
[EventRounds "11"]
[EventCountry "GER"]

1. d4 Nf6 2. c4 g6 3. Nc3 d5 4. cxd5 Nxd5 5. e4 Nxc3 6. bxc3 Bg7 7. Bc4 c5 8.
Ne2 cxd4 9. cxd4 O-O 10. O-O Nc6 11. Be3 b6 12. Rc1 Bb7 13. Qd3 Na5 14. Bb5 a6
15. Ba4 e5 16. d5 b5 17. Bb3 Nxb3 18. Qxb3 Qd7 19. Rc2 Rac8 20. Rfc1 Rxc2 21.
Rxc2 Rc8 22. Nc1 Bf8 23. Nd3 Bd6 24. Bg5 Rxc2 25. Qxc2 Qg4 26. f4 exf4 27. Bf6
f3 28. e5 Qd4+ 29. Kf1 fxg2+ 30. Kxg2 Bxd5+ 31. Kf1 Bc4 32. exd6 Qxf6+ 33. Ke1
Qxd6 34. Nb2 Qe6+ 35. Kf2 Bxa2 36. Qc3 h5 37. Qd3 Qf6+ 0-1

[Event "XIII - WC Individual Men"]
[Site "Malente GER"]
[Date "2004.08.04"]
[Round "11.11"]
[White "Collutiis D. (ITA)"]
[Black "Tikhonov A. (RUS)"]
[Result "1-0"]
[WhiteElo "2387"]
[BlackElo "1910"]
[PlyCount "92"]
[EventDate "2004.??.??"]
[EventType "swiss"]
[EventRounds "11"]
[EventCountry "GER"]

1. Nf3 Nf6 2. g3 d5 3. Bg2 e6 4. c4 c6 5. b3 Be7 6. Bb2 O-O 7. O-O Nbd7 8. Qc2
b6 9. d3 Bb7 10. Nbd2 Rc8 11. Rac1 c5 12. e4 d4 13. Ne1 e5 14. Bh3 Rc7 15. Ng2
Bc8 16. f4 exf4 17. gxf4 Nb8 18. Bxc8 Qxc8 19. Qd1 Ng4 20. Qf3 f5 21. Rce1 Nc6
22. h3 Nh6 23. Kh1 Kh8 24. Qg3 Rf6 25. Re2 Rg6 26. Qf3 Qd8 27. Rd1 fxe4 28.
dxe4 Rf6 29. Qh5 Qf8 30. Nf3 Bd8 31. Ng5 g6 32. Qh4 Rd7 33. Qg3 Qe8 34. Ree1
Rf8 35. Ne3 Bxg5 36. Qxg5 Qxe4+ 37. Ng2 Qf5 38. Qxh6 Rdf7 39. Rd2 Nb4 40. Re5
Qb1+ 41. Re1 Qf5 42. Qh4 Qd7 43. Qg4 Qb7 44. Kh2 Qc7 45. Kg1 Rf5 46. Re6 Kg7
1-0

[Event "XIII - WC Individual Men"]
[Site "Malente GER"]
[Date "2004.08.04"]
[Round "11.11"]
[White "Hoffmann R. (GER)"]
[Black "Georgiev V. (BUL)"]
[Result "0-1"]
[WhiteElo "2139"]
[BlackElo "2332"]
[PlyCount "80"]
[EventDate "2004.??.??"]
[EventType "swiss"]
[EventRounds "11"]
[EventCountry "GER"]

1. d4 f5 2. c4 Nf6 3. Nf3 g6 4. g3 Bg7 5. Bg2 O-O 6. Nc3 d6 7. O-O c6 8. b3 Na6
9. Rb1 Nc7 10. Bb2 Bd7 11. Rc1 Rb8 12. Rc2 b6 13. e3 a6 14. Rd2 b5 15. Qa1 h6
16. Ne1 Qe8 17. Nd3 Kh7 18. Rdd1 g5 19. Nb1 h5 20. Nd2 h4 21. e4 Qh5 22. f3
hxg3 23. hxg3 bxc4 24. bxc4 fxe4 25. Nxe4 Nxe4 26. fxe4 Qg4 27. Nf2 Qxg3 28.
Rd3 Qh4 29. Bc3 g4 30. Nh1 Ne6 31. Rxf8 Rxf8 32. Qe1 Qg5 33. Bd2 Qg6 34. Ng3
Nf4 35. Bxf4 Rxf4 36. Ne2 Rf3 37. Qd1 Bh6 38. Ng3 Be3+ 39. Rxe3 Rxe3 40. Qc1
Rxg3 0-1

[Event "XIII - WC Individual Men"]
[Site "Malente GER"]
[Date "2004.08.04"]
[Round "11.11"]
[White "Salov S. (RUS)"]
[Black "Smatoc M. (ROU)"]
[Result "1-0"]
[WhiteElo "2291"]
[BlackElo "2090"]
[PlyCount "111"]
[EventDate "2004.??.??"]
[EventType "swiss"]
[EventRounds "11"]
[EventCountry "GER"]

1. e4 c5 2. Nf3 d6 3. d4 cxd4 4. Nxd4 Nf6 5. Nc3 a6 6. Bg5 e6 7. f4 Nc6 8. Nxc6
bxc6 9. e5 h6 10. Bh4 g5 11. fxg5 Nd5 12. Ne4 Qb6 13. Bd3 hxg5 14. Bg3 dxe5 15.
Bxe5 Rh4 16. Qf3 g4 17. Qg3 Rh6 18. O-O-O f5 19. Nd6+ Bxd6 20. Bxd6 Ra7 21.
Rhe1 Rf7 22. Qe5 Qd8 23. c4 Rd7 24. Ba3 Qg5+ 25. Kb1 Ne7 26. Bc2 Kf7 27. Rxd7
Bxd7 28. Qc7 Be8 29. Bd6 Rh7 30. a3 Qh4 31. Re2 Qf6 32. Bxe7 Qxe7 33. Qxe7+
Kxe7 34. Bxf5 Rxh2 35. Bxg4 Bf7 36. c5 Rh4 37. Bf3 Rc4 38. Bxc6 Rxc5 39. Be4 a5
40. b3 Rg5 41. Kb2 Kd6 42. Bf3 Bg6 43. b4 axb4 44. axb4 Rg3 45. Kb3 e5 46. Ka4
Rg5 47. Rd2+ Kc7 48. Rd5 Bh5 49. Rc5+ Kb8 50. Bc6 Be2 51. Ka5 Bf1 52. Rc2 e4+
53. Kb6 Rxg2 54. Rc1 Rb2 55. Rxf1 Rxb4+ 56. Bb5 1-0

[Event "XIII - WC Individual Men"]
[Site "Malente GER"]
[Date "2004.08.04"]
[Round "11.11"]
[White "Kovalenko V.N. (UKR)"]
[Black "Bokros I. (HUN)"]
[Result "1/2-1/2"]
[WhiteElo "2263"]
[BlackElo "2130"]
[PlyCount "50"]
[EventDate "2004.??.??"]
[EventType "swiss"]
[EventRounds "11"]
[EventCountry "GER"]

1. e4 c5 2. c3 d5 3. exd5 Qxd5 4. d4 Nf6 5. Nf3 g6 6. c4 Qe4+ 7. Be2 cxd4 8.
Qxd4 Nc6 9. Qd1 Bf5 10. O-O Rd8 11. Qe1 Bg7 12. Nc3 Qe6 13. Nd1 Ng4 14. Bd2 Qd6
15. h3 Nge5 16. Bc3 O-O 17. Bxe5 Nxe5 18. Qa5 Nc6 19. Qb5 Qb4 20. Nc3 a6 21.
Qxb4 Nxb4 22. g4 Bd3 23. a3 Nc2 24. Rac1 Bxe2 25. Nxe2 Nd4 1/2-1/2

[Event "XIII - WC Individual Men"]
[Site "Malente GER"]
[Date "2004.08.04"]
[Round "11.11"]
[White "Màtè B. (HUN)"]
[Black "Nauryzgaliev A. (KAZ)"]
[Result "0-1"]
[WhiteElo "2182"]
[BlackElo "2060"]
[PlyCount "92"]
[EventDate "2004.??.??"]
[EventType "swiss"]
[EventRounds "11"]
[EventCountry "GER"]

1. d4 Nf6 2. g3 c5 3. Nf3 cxd4 4. Nxd4 Nc6 5. Bg2 d5 6. O-O e6 7. c4 Qb6 8.
Nxc6 bxc6 9. cxd5 cxd5 10. Nc3 Be7 11. e4 dxe4 12. Nxe4 Nd5 13. Nc3 Nxc3 14.
bxc3 Rb8 15. Bf4 Rb7 16. Rb1 Qxb1 17. Qxb1 Rxb1 18. Rxb1 Bc5 19. Rb5 Bb6 20.
Be3 Bxe3 21. fxe3 Ke7 22. Ra5 a6 23. Bf1 Rd8 24. Bxa6 Bxa6 25. Rxa6 Rd3 26. Ra3
Rxe3 27. Kf2 Re4 28. Rb3 Ra4 29. a3 g5 30. Ke3 Kd6 31. Kd3 f5 32. Rb7 h5 33.
Rh7 h4 34. gxh4 gxh4 35. Rh6 Kd5 36. Rh8 Rxa3 37. Rxh4 e5 38. Rh8 e4+ 39. Kd2
f4 40. Rd8+ Ke5 41. h4 Ra2+ 42. Ke1 Rh2 43. c4 f3 44. c5 e3 45. Re8+ Kd4 46.
Rd8+ Kc3 0-1

[Event "XIII - WC Individual Men"]
[Site "Malente GER"]
[Date "2004.08.04"]
[Round "11.11"]
[White "Vujcic T. (CRO)"]
[Black "Anarkulov A. (UZB)"]
[Result "0-1"]
[WhiteElo "2128"]
[BlackElo "2166"]
[PlyCount "145"]
[EventDate "2004.??.??"]
[EventType "swiss"]
[EventRounds "11"]
[EventCountry "GER"]

1. e4 c5 2. Nf3 Nc6 3. d4 cxd4 4. Nxd4 Nf6 5. Nc3 e5 6. Ndb5 d6 7. Bg5 a6 8.
Na3 b5 9. Bxf6 gxf6 10. Nd5 Bg7 11. c3 f5 12. Bd3 Ne7 13. Nc2 Nxd5 14. exd5 O-O
15. O-O f4 16. a4 Rb8 17. axb5 axb5 18. Nb4 Qh4 19. Nc6 Rb6 20. Ra7 Re8 21. f3
f5 22. Qe1 Bf6 23. Qxh4 Bxh4 24. Rfa1 e4 25. Be2 Bb7 26. Nb4 Re5 27. fxe4 fxe4
28. Bg4 Re8 29. Kf1 Kg7 30. Bd7 Re7 31. Bc6 Kf6 32. R7a5 e3 33. Ke2 Rg7 34. g3
fxg3 35. Rf1+ Kg5 36. hxg3 Bxg3 37. Kxe3 h5 38. Rxb5 Rxb5 39. Bxb5 h4 40. Be2
Bc8 41. Nc6 Bh3 42. Rg1 Kf6 43. Kd3 Bf5+ 44. Kc4 Be4 45. Bf1 Rg5 46. Nb4 Bf2
47. Rxg5 Kxg5 48. Nd3 Bg1 49. Bh3 Bf3 50. b4 Be2 51. Kb5 Bxd3+ 52. Kc6 Bf5 53.
Bg2 h3 54. Bxh3 Bxh3 55. Kxd6 Kf6 56. c4 Bh2+ 57. Kc6 Bf1 58. c5 Bg2 59. Kd7
Bxd5 60. c6 Be6+ 61. Kd8 Bg1 62. Kc7 Ke7 63. b5 Bh2+ 64. Kb7 Bd5 65. Ka8 Kd6
66. Kb7 Bg1 67. Kc8 Bb6 68. c7 Bxc7 69. b6 Bxb6 70. Kb8 Kc6 71. Kc8 Be6+ 72.
Kb8 Bd4 73. Ka8 0-1

[Event "XIII - WC Individual Men"]
[Site "Malente GER"]
[Date "2004.08.04"]
[Round "11.11"]
[White "Checiak K. (POL)"]
[Black "Schmid J. (CZE)"]
[Result "*"]
[WhiteElo "2117"]
[BlackElo "2083"]
[PlyCount "105"]
[EventDate "2004.??.??"]
[EventType "swiss"]
[EventRounds "11"]
[EventCountry "GER"]

1. d4 d5 2. c4 e6 3. Nc3 Nf6 4. e3 Be7 5. Nf3 O-O 6. Bd3 c6 7. O-O Nbd7 8. e4
dxe4 9. Nxe4 Nxe4 10. Bxe4 Nf6 11. Bd3 Qc7 12. Qe2 Re8 13. Bg5 Qd8 14. Rad1 Nd7
15. Bxe7 Qxe7 16. Rfe1 Nf6 17. Ne5 h6 18. Qf3 a5 19. c5 a4 20. Nc4 Nd5 21. Nd6
Rf8 22. Bb1 Qf6 23. Qe4 g6 24. Rd3 Kh7 25. Rf3 Qg7 26. Ra3 Bd7 27. Rg3 b6 28.
cxb6 Nxb6 29. Qh4 f5 30. Bxf5 Rf6 31. Be4 Raf8 32. Rf3 Rxf3 33. Bxf3 Nd5 34.
Nc4 Rf4 35. Qd8 Rxd4 36. Ne5 Nf4 37. h3 c5 38. Ng4 h5 39. Nf6+ Kh6 40. Ng8+ Kh7
41. Nf6+ Kh6 42. Nxd7 Rxd7 43. Qb8 Qf6 44. Re3 Rd2 45. Qb5 Rxb2 46. Qxa4 Nd5
47. Rb3 Rd2 48. Ra3 Qa1+ 49. Kh2 Qe5+ 50. Kg1 Qe1+ 51. Kh2 Qe5+ 52. Kg1 Qe1+
53. Kh2 *

[Event "XIII - WC Individual Men"]
[Site "Malente GER"]
[Date "2004.08.04"]
[Round "11.11"]
[White "Peshev T. (BUL)"]
[Black "Gründer M. (GER)"]
[Result "0-1"]
[WhiteElo "1840"]
[BlackElo "1805"]
[PlyCount "96"]
[EventDate "2004.??.??"]
[EventType "swiss"]
[EventRounds "11"]
[EventCountry "GER"]

1. e4 g6 2. d4 Bg7 3. Nf3 d6 4. Bc4 c6 5. Nc3 Nf6 6. O-O O-O 7. h3 b5 8. Bd3
Qc7 9. Ne2 e5 10. c3 Re8 11. Ng3 a6 12. Re1 Nbd7 13. b3 Bb7 14. Bb2 Rad8 15.
Qc2 Nf8 16. Rad1 Ne6 17. dxe5 dxe5 18. Bf1 Nd7 19. b4 c5 20. Qb1 c4 21. Bc1 Nf4
22. Be3 Nb6 23. Rxd8 Rxd8 24. Qc2 Na4 25. Nd2 Nd3 26. Rb1 Qd7 27. Rd1 Nab2 28.
Rb1 Na4 29. Be2 h5 30. Rf1 Nf4 31. Bf3 Qd3 32. Rc1 h4 33. Ngf1 Qd7 34. Nb1 Nd3
35. Rd1 Bf8 36. Bg5 Be7 37. Bxe7 Qxe7 38. Ne3 f5 39. Nxc4 bxc4 40. Qxa4 fxe4
41. Bg4 Rf8 42. Rd2 Qf6 43. Qc2 e3 44. fxe3 Qf1+ 45. Kh2 Qe1 46. Re2 Qg3+ 47.
Kg1 Bxg2 48. Rxg2 Rf1+ 0-1

[Event "XIII - WC Individual Men"]
[Site "Malente GER"]
[Date "2004.08.04"]
[Round "11.11"]
[White "Gardner P.K. (ENG)"]
[Black "Patackas J.P. (LTU)"]
[Result "1/2-1/2"]
[WhiteElo "1830"]
[BlackElo "1830"]
[PlyCount "40"]
[EventDate "2004.??.??"]
[EventType "swiss"]
[EventRounds "11"]
[EventCountry "GER"]

1. e4 e5 2. Nf3 Nc6 3. Bc4 Bc5 4. c3 Nf6 5. d4 exd4 6. e5 d5 7. Bb5 Ne4 8. cxd4
Bb4+ 9. Nbd2 Bd7 10. Bxc6 Bxc6 11. O-O O-O 12. a3 Be7 13. Qc2 Qd7 14. b4 a5 15.
bxa5 Rxa5 16. Bb2 Rfa8 17. Qc1 h6 18. Re1 Qf5 19. Nf1 Ng5 20. Nxg5 Bxg5 1/2-1/2

[Event "XIII - WC Individual Men"]
[Site "Malente GER"]
[Date "2004.08.04"]
[Round "11.11"]
[White "Pushkarev G.P. (KAZ)"]
[Black "Wagner P. (SUI)"]
[Result "1-0"]
[WhiteElo "1805"]
[BlackElo "1810"]
[PlyCount "93"]
[EventDate "2004.??.??"]
[EventType "swiss"]
[EventRounds "11"]
[EventCountry "GER"]

1. d4 Nf6 2. Nc3 d5 3. Bg5 e6 4. e4 dxe4 5. Nxe4 Be7 6. Bxf6 Bxf6 7. Nf3 O-O 8.
c3 b6 9. Bd3 Bb7 10. Qe2 Nd7 11. Rd1 Qe7 12. O-O c5 13. Bb5 Bxe4 14. Qxe4 cxd4
15. cxd4 a6 16. Bd3 g6 17. Rc1 b5 18. Rc7 Qd6 19. Rfc1 Rad8 20. R7c6 Qb4 21.
Rxa6 Qxb2 22. Rb1 Qc3 23. Bxb5 Nb8 24. Ra4 Rc8 25. g3 Rfd8 26. Kg2 Nd7 27. Bxd7
Rxd7 28. Ra8 Rxa8 29. Qxa8+ Kg7 30. Qe8 Ra7 31. Rb8 Kh6 32. Ra8 Rc7 33. g4 Bxd4
34. Qd8 Bf6 35. g5+ Bxg5 36. Qxg5+ Kg7 37. Qe5+ Qxe5 38. Nxe5 f6 39. Nf3 h5 40.
a4 g5 41. a5 e5 42. a6 Kg6 43. a7 Kf5 44. Nxe5 h4 45. Nc6 g4 46. Rb8 h3+ 47.
Kf1 1-0

[Event "XIII - WC Individual Men"]
[Site "Malente GER"]
[Date "2004.08.04"]
[Round "11.11"]
[White "Carmichael I. (SCO)"]
[Black "Stoklasa J. (CZE)"]
[Result "0-1"]
[WhiteElo "1805"]
[BlackElo "1805"]
[PlyCount "60"]
[EventDate "2004.??.??"]
[EventType "swiss"]
[EventRounds "11"]
[EventCountry "GER"]

1. f4 d5 2. d4 Nf6 3. e3 Bf5 4. Bd3 e6 5. Nf3 Ne4 6. O-O Nd7 7. Ne5 h5 8. Nd2
Ndf6 9. c3 Bd6 10. Ndf3 c6 11. Ng5 Bxe5 12. dxe5 Nd7 13. Bxe4 dxe4 14. Qd6 Qe7
15. Qxe7+ Kxe7 16. b3 f6 17. Ba3+ c5 18. exf6+ gxf6 19. Nh3 Bxh3 20. gxh3 a5
21. Bb2 b5 22. a3 Nb6 23. Kf2 c4 24. a4 cxb3 25. Ba3+ Kf7 26. axb5 Rhc8 27.
Rfb1 Rxc3 28. Bb2 Rc2+ 29. Kg1 Nc4 30. Bc1 b2 0-1

[Event "XIII - WC Individual Men"]
[Site "Malente GER"]
[Date "2004.08.04"]
[Round "11.11"]
[White "Guy D. (WLS)"]
[Black "Gardarsson H. (ISL)"]
[Result "1/2-1/2"]
[WhiteElo "2010"]
[BlackElo "1984"]
[PlyCount "81"]
[EventDate "2004.??.??"]
[EventType "swiss"]
[EventRounds "11"]
[EventCountry "GER"]

1. e4 e6 2. d4 d5 3. Nc3 Bb4 4. e5 c5 5. a3 cxd4 6. axb4 dxc3 7. Nf3 Qc7 8.
bxc3 Qxc3+ 9. Bd2 Qc7 10. Bd3 Ne7 11. O-O Ng6 12. Re1 Nc6 13. Qe2 Bd7 14. b5
Nce7 15. h4 h5 16. g3 Nf5 17. Bb4 Qb6 18. Kh2 a5 19. Bc3 Nge7 20. Ra4 Qc7 21.
Bb2 b6 22. Rc1 Rc8 23. c4 Qb7 24. Nd2 Kf8 25. Nb3 dxc4 26. Be4 Nd5 27. Raxc4
Re8 28. Rc7 Bxb5 29. Qf3 Qxc7 30. Rxc7 Nxc7 31. Bxf5 exf5 32. Qb7 Ne6 33. Qxb6
Ba4 34. Nxa5 Kg8 35. Nc6 Bxc6 36. Qxc6 Kh7 37. Qd7 Kg6 38. Ba3 Rd8 39. Qb7 Rd2
40. Kg2 Rhd8 41. Bd6 1/2-1/2

[Event "XIII - WC Individual Men"]
[Site "Malente GER"]
[Date "2004.08.04"]
[Round "11.11"]
[White "Frajka P. (SVK) "]
[Black "Simoes J.W. (POR)"]
[Result "1/2-1/2"]
[WhiteElo "1805"]
[BlackElo "2048"]
[PlyCount "70"]
[EventDate "2004.??.??"]
[EventType "swiss"]
[EventRounds "11"]
[EventCountry "GER"]

1. d4 d5 2. c4 e6 3. Nc3 Nf6 4. Bg5 Nbd7 5. e3 Be7 6. Nf3 c6 7. Bd3 Nh5 8. Bxe7
Qxe7 9. O-O Nhf6 10. Rc1 O-O 11. Re1 dxc4 12. Bxc4 b5 13. Bd3 Bb7 14. Bb1 Rfd8
15. Qc2 g6 16. Nd2 a6 17. Nce4 Nxe4 18. Nxe4 Rac8 19. Nc5 Nxc5 20. Qxc5 Qxc5
21. Rxc5 Rd5 22. Rec1 f5 23. Bd3 Rcd8 24. Be2 Rxc5 25. Rxc5 Rd5 26. f4 Kf7 27.
b4 Rxc5 28. bxc5 Ke7 29. Kf2 a5 30. Ke1 Kd7 31. Kd2 Ba6 32. Kc2 Bc8 33. Kb3 Ba6
34. Bf1 Kc7 35. Kc2 Kd7 1/2-1/2